000
00296nam a22001217a 4500
008
230704b xxu||||| |||| 00| 0 eng d
020
_a
1855213818
082
_a
342/.08
_b
MIC 1994
245
_a
Privacy and Human Rights
260
_b
UNESCO Publishing
_c
1994
300
_a
IX,194p
942
_2
ddc
_c
BK
999
_c
3622
_d
3622